000 00870cam a22002533a 4500
001 26059
003 PGUSA
005 20140828083548.0
008 080715s2008||||xxu|||||s|||||000 | eng d
040 _aPGUSA
_beng
042 _adc
050 4 _aF850.5
100 1 _aStuck, Hudson,
_d1863-1920
245 1 4 _aThe Ascent of Denali (Mount McKinley) :
_bA Narrative of the First Complete Ascent of the Highest Peak in North America
_h[electronic resource] /
_cHudson Stuck
260 _bProject Gutenberg,
_c2008
506 _aPublic domain in the USA.
516 _aElectronic text
653 _aMcKinley, Mount (Alaska)
653 _aMountaineering -- Alaska -- McKinley, Mount
653 _aStuck, Hudson, 1863-1920 -- Travel -- Alaska -- McKinley, Mount
830 0 _aProject Gutenberg
_v26059
856 4 0 _uhttp://www.gutenberg.org/ebooks/26059
942 _cEB
999 _c255314
_d255314